000
00264nam a2200121Ia 4500
008
240624s9999 xx 000 0 und d
041
_a
eng
082
_a
891.43 PAR
100
_a
PARSAI HARISHANKAR
245
_a
KAHAT KABEER
260
_c
2016
365
_c
RS
_b
20
999
_c
30890
_d
30890